Lucky Mrs. Ticklefeather and other funny stories; (Record no. 1724)

MARC details
000 -LEADER
fixed length control field 01573cam a2200337 4500
001 - CONTROL NUMBER
control field data
005 - DATE AND TIME OF LATEST TRANSACTION
control field 20260322212114.0
008 - FIXED-LENGTH DATA ELEMENTS--GENERAL INFORMATION
fixed length control field data
035 ## - SYSTEM CONTROL NUMBER
System control number 3142602
010 ## - LIBRARY OF CONGRESS CONTROL NUMBER
LC control number 73076966
035 ## - SYSTEM CONTROL NUMBER
-- (DLC) 73076966
040 ## - CATALOGING SOURCE
Original cataloging agency DLC
Transcribing agency DLC
Modifying agency DLC
042 ## - AUTHENTICATION CODE
Authentication code lcac
050 00 - LIBRARY OF CONGRESS CALL NUMBER
Classification number PZ10.3.K97
Item number Lu
082 00 - DEWEY DECIMAL CLASSIFICATION NUMBER
Classification number [E]
100 1# - MAIN ENTRY--PERSONAL NAME
Personal name Kunhardt, Dorothy,
Dates associated with a name 1901-1979.
245 10 - TITLE STATEMENT
Title Lucky Mrs. Ticklefeather and other funny stories;
Remainder of title the best of Dorothy Kunhardt.
260 ## - PUBLICATION, DISTRIBUTION, ETC.
Place of publication, distribution, etc. New York,
Name of publisher, distributor, etc. Golden Press
Date of publication, distribution, etc. [1973]
300 ## - PHYSICAL DESCRIPTION
Extent 69 p.
Other physical details col. illus.
Dimensions 31 cm.
336 ## - CONTENT TYPE
Content type term text
Content type code txt
Source rdacontent
337 ## - MEDIA TYPE
Media type term unmediated
Media type code n
Source rdamedia
338 ## - CARRIER TYPE
Carrier type term volume
Carrier type code nc
Source rdacarrier
505 0# - FORMATTED CONTENTS NOTE
Formatted contents note The two stuck in the mud rhinoceroses.--The little giraffe wants to play.--Look out, baby bears, here he comes.--The little leopard and his fat stomach.--Why the little elephant got spanked.--The cowboy kitten.--Little Peewee.--April fool.--The wonderful silly picnic.--Poor frightened Mr. Pig.--The two snowbulls.--Little squirrel's Santa Claus.--Lucky Mrs. Ticklefeather.--Shame on you, baby whale.--"Meow," said the fierce baby lion.
650 #0 - SUBJECT ADDED ENTRY--TOPICAL TERM
Topical term or geographic name entry element Animals
Form subdivision Juvenile fiction.
650 #1 - SUBJECT ADDED ENTRY--TOPICAL TERM
Topical term or geographic name entry element Animals
Form subdivision Fiction.
655 #7 - INDEX TERM--GENRE/FORM
Genre/form data or focus term Fiction.
Source of term lcgft
Authority record control number or standard number https://id.loc.gov/authorities/genreForms/gf2014026339
655 #7 - INDEX TERM--GENRE/FORM
Genre/form data or focus term Fiction.
Source of term lcgft
Authority record control number or standard number https://id.loc.gov/authorities/genreForms/gf2014026339
906 ## - LOCAL DATA ELEMENT F, LDF (RLIN)
a 7
b cbc
c orignew
d 2
e opcn
f 19
g y-gencatlg
991 ## -
-- c-GenColl
-- PZ10.3.K97
-- Lu
-- 00025579537
-- Copy 1
-- BOOKS
Holdings
Withdrawn status Lost status Damaged status Not for loan Home library Current library Shelving location Date acquired Total checkouts Full call number Barcode Date last seen Price effective from Koha item type
        Fairview Fairview General stacks 22/03/2026   [E] LOC-FPL-00009 22/03/2026 22/03/2026 Books